00520nam a2200133 a 450000100100000000500170001000800410002702000180006804000250008610000300011124501140014126000870025530000440034200003389320200930070614.0110914s2007 cl acd 000 0 spa d a9789589515396 aDO-SdBNPbspacBNPHU1 aSánchez, Carlos Augusto10aEconomía y sociedad prehispánica :bel uso de la tierra en el Alto Magdalena /cCarlos Augusto Sánchez. aBogotá :bFundación de Investigaciones,c2007.fPanamericana Formas e Impresos a120 p. :bil. gráf., retrs. ;c23 cm.